| 000 | 00795cam a22002778a 4500 | ||
|---|---|---|---|
| 001 | 17314386 | ||
| 005 | 20180823083526.0 | ||
| 008 | 120521s2013 pau b 001 0 eng | ||
| 010 | _a 2012020808 | ||
| 020 | _a9781609137083 (alk. paper) | ||
| 035 | _a(DNLM)101584651 | ||
| 040 |
_aDNLM/DLC _cDLC |
||
| 041 | _aeng | ||
| 042 | _apcc | ||
| 060 | 1 | 0 | _aWY 160 |
| 080 | _a616.890231 | ||
| 082 | 0 | 0 |
_a616.890231 _223 |
| 100 | _a2 | ||
| 101 | _aNUR | ||
| 245 | 0 | 0 |
_aPsychiatric-mental health nursing : _ceditor, Wanda K. Mohr. |
| 263 | _a1111 | ||
| 504 | _aIncludes bibliographical references and index. | ||
| 906 |
_a0 _bvip _corignew _d1 _eecip _f20 _gy-gencatlg |
||
| 942 |
_2ddc _cBK |
||
| 999 |
_c47289 _d47289 |
||